| 000 | 01812cam a22004457a 4500 | ||
|---|---|---|---|
| 003 | CHAP | ||
| 005 | 20220329142813.0 | ||
| 008 | 040126s2003 mx r 00011 spa d | ||
| 010 | _a88004 | ||
| 011 | _a88976 | ||
| 035 | _a99525 | ||
| 040 | _cCHAP | ||
| 090 | _aTesis | ||
| 100 | 0 | 0 |
_aPérez Aspiri, Gerardo. _989521 |
| 245 | 1 | 0 |
_aUso de insumos biorracionales en el control de mosquita blanca (Homóptera : aleyrodidae), en el cultivo de jitomate (Lycopersicon esculentum Mill.) en condiciones de invernadero en Chapingo México. _c/por Gerardo, Pérez Aspiri |
| 260 |
_aChapingo, Méx. : _bEl autor, _c2003. |
||
| 300 |
_a48 h.: _bilus.; grafs.; cuadros. |
||
| 502 | _aTesis ( Ing. Agr. Esp. en Parasitología Agricola) -- UACH. Departamento de Parasitología Agrícola. | ||
| 530 | _aTambién disponible en línea | ||
| 590 |
_aALEPH _b10 _c20130110 _lUCH01 _h1456 |
||
| 590 |
_aBATCH-UPD _b10 _c20130110 _lUCH01 _h0645 |
||
| 590 |
_aBATCH-UPD _b10 _c20130110 _lUCH01 _h2345 |
||
| 590 |
_aBATCH-UPD _b10 _c20130410 _lUCH01 _h0329 |
||
| 590 |
_aBATCH-UPD _b10 _c20130914 _lUCH01 _h0601 |
||
| 590 |
_aBATCH-UPD _b10 _c20140324 _lUCH01 _h1441 |
||
| 590 |
_aBATCH-UPD _b10 _c20141002 _lUCH01 _h0820 |
||
| 590 |
_aCONVERSION _b10 _c20130109 _lUCH01 _h1349 |
||
| 650 | 1 | 4 |
_aBemisia tabaci. _911496 |
| 650 | 1 | 4 |
_aControl de plagas. _927595 |
| 650 | 1 | 4 |
_aCultivos en invernadero. _930376 |
| 650 | 1 | 4 |
_aJabón como insecticida. _960781 |
| 650 | 1 | 4 |
_aTomate _xEnfermedades por nemátodos. _9113714 |
| 650 | 1 | 4 |
_aTomate _xPlagas. _9113748 |
| 856 |
_3Finding aid _uhttp://10.13.5.2/tesis/99525.pdf _zTeclea aqui |
||
| 901 | _aBK | ||
| 905 | _ae.a.h. | ||
| 942 | _cFOLL | ||
| 949 |
_aTesis _bBC _cTES _d33724000912358 _eTS2 _fc.2 _gDonaciØn _h40280 _i99525 _si |
||
| 949 |
_aTesis _bBC _cTES _d99525 _eTS1 _gDonaciØn _h40279 _i99525 _sb |
||
| 999 |
_c88004 _d88004 |
||